000 00529nam a2200217Ia 4500
003 OSt
005 20220928142834.0
006 a|||||r|||| 00| 0
007 ta
008 220927b |||||||| |||| 00| 0 eng d
024 _a20128
037 _cTextual
040 _aSDCL
_cSDCL
_beng
041 _2eng
_aeng
082 _aW66, P3
100 _aMaynor John W
_9503895
245 0 _aRepublicanism in the modern world
260 _c2003
942 _hW66, P3
_cTEXL
_2CC
999 _c822265
_d822265